| 000 | 00502nam a2200181Ia 4500 | ||
|---|---|---|---|
| 008 | 240925s9999 xx 000 0 und d | ||
| 020 | _a9781591842217 | ||
| 082 | _a658.022 BRO | ||
| 100 | _aBrodsky, Norm | ||
| 245 | 4 | _aThe KNACK: hoe street-smart entrepreneurs learn to handle whatever comes up | |
| 250 | _aNA | ||
| 260 |
_aNew York: _bPenguin Books _c,2008. |
||
| 300 |
_axviii,678p. _bN.A _fPirated |
||
| 500 | _aIncludes Index | ||
| 600 | _aManagement | ||
| 650 | _aManagement | ||
| 942 | _cBK | ||
| 999 |
_c11321 _d11321 |
||